000 01038nas a2200325 4500
001 BR2016001866
003 BR-BrBNA
005 20231205130318.0
007 ta
008 230509b bl.|||p| |||| 00| 00por d
040 _aBR-BrBNA
_bpor
_cBiblioteca Nacional de Agricultura
041 _a(En)
072 _aL73
100 1 _aSchwarz, D.G.G.
100 1 _aPietralonga, P.A.G.
100 1 _aSouza, M.C.C.
100 1 _aCarvalho, I.A.
100 1 _aCruzeiro, R.S.
100 1 _aMalaquias, J.V.
100 1 _aBenjamin, L.A.
100 1 _aSilva, Júnior, A.
100 1 _aMoreira, M.A.s.
245 1 _aCytokine gene expression and molecular detection of Mycobacterium avium subspecies paratuberculosis in organs of experimentally infected mice
650 _aRUMINANTE
650 _aPARATUBERCULOSE
650 _aPATOGENICIDADE
773 0 _tPesquisa Veterinária Brasileira (Brazil)
_xISSN 0100-736X
_g(May 2015), v. 35(5) p. 396-402
_wBR2016001866
909 _a202311
_bLúcia
_c55
_dLúcia Elande
942 _2AGRIS
_n0
_cANA
999 _c248793
_d248793